000 00234nam a2200097Ia 4500
008 240331s9999 xx 000 0 und d
082 _a303.6
_bMUR
100 _a Rajan,H. ed
245 0 _aMurrinda panai :
_bthe broken palmyrah
942 _cL
999 _c1248
_d1248